Λαογραφία του έντεχνου λαϊκού λόγου : παράδοση και νεωτερικότητα
Αποθηκεύτηκε σε:
| Κύριος συγγραφέας: | |
|---|---|
| Άλλοι συγγραφείς: | |
| Μορφή: | Βιβλίο |
| Γλώσσα: | Greek |
| Δημοσίευση: |
Θεσσαλονίκη :
Σταμούλης,
2020.
|
| Θέματα: | |
| Ετικέτες: |
Προσθήκη ετικέτας
Δεν υπάρχουν, Καταχωρήστε ετικέτα πρώτοι!
|
MARC
| LEADER | 00000cam a2200000 a 4500 | ||
|---|---|---|---|
| 001 | 1/123049 | ||
| 008 | 210526s2020####gr | ||| |||| ||gre|| | ||
| 020 | |a 9786185306892 |q (σετ) | ||
| 020 | |a 9786185306908 |q (τ.1) | ||
| 040 | |a GR-MyUa |b gre |c GR-MyUa |e AACR2 | ||
| 041 | 0 | |a gre | |
| 082 | 7 | |a 398.209495 |2 (23) | |
| 100 | 1 | |a Δουλαβέρας, Αριστείδης Ν., |d 1949- | |
| 245 | 1 | 0 | |a Λαογραφία του έντεχνου λαϊκού λόγου : |b παράδοση και νεωτερικότητα / |c Αριστείδης Ν. Δουλαβέρας ; πρόλογος Μ. Γ. Μερακλή. |
| 260 | |a Θεσσαλονίκη : |b Σταμούλης, |c 2020. | ||
| 300 | |a τ. : |b εικ., φωτ. ; |c 24 εκ. | ||
| 504 | |a Περιλαμβάνει βιβλιογραφικές παραπομπές και ευρετήριο. | ||
| 650 | 0 | |a Folklore |z Greece. | |
| 650 | 0 | |a Folk literature, Greek (Modern) |x History and criticism. | |
| 650 | 0 | |a Folk songs, Greek (Modern) |x History and criticism. | |
| 700 | 1 | |a Μερακλής, Μιχάλης Γ., |d 1932- |e aui | |
| 852 | |a INST |b RHODES |c EUDOXUS |e 20210526 |h 398.209495 ΔΟΥ |p 005400042124 |q 005400042124 |t EDX |v τομ.1: |y 0 | ||
| 853 | |a INST |b RHODES |c EUDOXUS |h 398.209495 ΔΟΥ | ||
| 920 | |a Εύδοξος |b Παραγγελία |y Ρόδος-ΠΤΔΕ |z 2021-05 | ||
| 970 | |z 26-05-2021 | ||